000 00210 a2200097 4500
001 58551
100 _a
245 _aFluid power with applications
260 _aNJ
_bPrentice-Hill
_c1994
090 _c35924
_d35924
942 _aNUST-CAE
_c
_c28807
999 _c293624
_d293624